000 00513cam a2200205 4500
001 B2756
008 090401t1990 xxu||||| |||| 00| 0 eng d
035 _a(Sirsi) u51944
041 _aeng
050 _a306.909411
110 _aScottish Homes
_93194
245 4 _aThe rural housing challenge: a consultative paper
260 _aEdinburgh
_bScottish Homes
_c1990
300 _a24p. : ill.,maps ; 30cm.
350 _a35
650 _aRURAL AREAS
650 _aSCOTLAND
942 _n0
948 _c04/03/1997
999 _c92975
_d92975